00417nam a2200145Ia 4500008004100000020001800041041000800059082001600067100002400083245007100107250000600178260006600184300000800250365001300258140306s9999 xx 000 0 und d a9780070587588 aeng a337bSAL/IN aDominick, Salvatore aSchaum's Outline of Theory and Problems of international Economics a4 aNew DelhibTata Mc Graw Hill Publishing Company Limitedc2008 a276 bRs.299/-